<?xml version="1.0" encoding="UTF-8"?>
<collection xmlns="http://www.loc.gov/MARC21/slim">
 <record>
  <leader>00632cam a2200181 7i4500</leader>
  <controlfield tag="001">0000014461</controlfield>
  <controlfield tag="005">20010925090000.0</controlfield>
  <controlfield tag="008">990407s1999    nyu      b    001 0 eng</controlfield>
  <datafield tag="010" ind1="#" ind2="#">
   <subfield code="a">99029033</subfield>
  </datafield>
  <datafield tag="020" ind1="#" ind2="0">
   <subfield code="a">0582237254 (hardcover) </subfield>
  </datafield>
  <datafield tag="090" ind1="0" ind2="0">
   <subfield code="a">PE 1112 </subfield>
   <subfield code="b">L856</subfield>
  </datafield>
  <datafield tag="245" ind1="0" ind2="0">
   <subfield code="a">Longman grammar of spoken and written English  </subfield>
   <subfield code="c">Douglas Biber ... [et al.] ; foreword by Anna Other..</subfield>
  </datafield>
  <datafield tag="260" ind1="#" ind2="#">
   <subfield code="a">New York: </subfield>
   <subfield code="b">Longman, </subfield>
   <subfield code="c">1999..</subfield>
  </datafield>
  <datafield tag="300" ind1="#" ind2="#">
   <subfield code="a">1204 p.; </subfield>
   <subfield code="c">25 cm..</subfield>
  </datafield>
  <datafield tag="504" ind1="0" ind2="0">
   <subfield code="a">Includes bibliographical references and index.</subfield>
  </datafield>
  <datafield tag="650" ind1="0" ind2="0">
   <subfield code="a">English language -- </subfield>
   <subfield code="x">Grammar. </subfield>
  </datafield>
  <datafield tag="700" ind1="1" ind2="1">
   <subfield code="a">Biber, </subfield>
   <subfield code="h">Douglas </subfield>
  </datafield>
  <datafield tag="999" ind1=" " ind2=" ">
   <subfield code="a">1000406716</subfield>
   <subfield code="b">Book</subfield>
   <subfield code="c">Open Shelf</subfield>
   <subfield code="e">KOLEKSI TERBUKA</subfield>
  </datafield>
 </record>
</collection>
